000 00923nam a22002657a 4500
005 20170123162345.0
010 _aA-550010
020 _c160.00
035 _aA-550010
037 _bCen Lib/Ret
040 _aDPL
_bUR
082 _a909
_bن ہ ر
100 _aنہرو، جواہر لعل
_9130022
245 _aتاریخ عالم پر ایک نظر /
_cجواہر لعل نہرو
_bمبارک سفر /
246 _aTareekh aalim par ek nazar /
_bby Jawahar Lal Nehru
260 _aلاہور
_bتقلیقت پبلشرز
_c1992
270 _bلاہور
_aاکرم ارکیدی، ٹیمپل روڈ
300 _a264p.
_c21cm(Hb)
500 _aکتابیات
650 _aتاریخ -- دنیا
_9509
650 _a دنیا کی تاریخ پر ایک نظر
_9130023
650 _aHistory -- World
_941477
650 _aWorld history
_9130024
942 _2ddc
_cUR
_h909
_mن ہ ر
999 _c108786
_d108786